Processes, information, and accounting gaps in the regulation of Argentina's private railways (Record no. 286870)

000 -LEADER
fixed length control field 00508cam a22001337a 4500
008 - FIXED-LENGTH DATA ELEMENTS--GENERAL INFORMATION
fixed length control field 180718b2001 xxu||||| |||| 00| 0 eng d
100 ## - MAIN ENTRY--PERSONAL NAME
Personal name Mendez, Javier Campos
245 ## - TITLE STATEMENT
Title Processes, information, and accounting gaps in the regulation of Argentina's private railways
Statement of responsibility, etc. by Javier Campos-Mendez, Antonio Estache and Lurdes Trujillo
260 ## - PUBLICATION, DISTRIBUTION, ETC.
Place of publication, distribution, etc. Washington, D.C.
Name of publisher, distributor, etc. World Bank
Date of publication, distribution, etc. 2001
300 ## - PHYSICAL DESCRIPTION
Extent 45p.
440 ## - SERIES STATEMENT/ADDED ENTRY--TITLE
Title Policy research working paper 2636
700 ## - ADDED ENTRY--PERSONAL NAME
Personal name Trujillo, Lurdes
700 ## - ADDED ENTRY--PERSONAL NAME
Personal name Estache, Antonio
Holdings
Withdrawn status Lost status Damaged status Not for loan Permanent Location Current Location Date acquired Barcode Date last seen Price effective from Koha item type
        Indian Institute of Public Administration Indian Institute of Public Administration 2001-11-19 WB9060 2018-07-20 2018-07-20 WB

Powered by Koha